Cargando...

AgenciesGIS based Road Maintenance Management System in Kerala PWD

Detalles Bibliográficos
Formato: Printed Book
Publicado: 2006
Acceso en liña:http://10.26.1.76/ks/001237.pdf
LEADER 003150000a22000970004500
245 |a AgenciesGIS based Road Maintenance Management System in Kerala PWD 
260 |c 2006 
856 |u http://10.26.1.76/ks/001237.pdf 
942 |c KS 
999 |c 70625  |d 70625 
952 |0 0  |1 0  |4 0  |7 0  |9 62589  |a MGUL  |b MGUL  |d 2015-08-01  |l 0  |r 2015-08-01  |w 2015-08-01  |y KS